Statistiques concernant Les champions de France les années où le FC Nantes a fini deuxième

Cliquez ici pour prendre le quiz!

Statistiques générales

  • Ce quiz a été pris 94 fois
  • Le résultat moyen est 4 sur 7

Statistiques - réponses

AnnéeChampion% Correct
1986Paris Saint-Germain
88%
1967AS Saint-Étienne
63%
1974AS Saint-Étienne
63%
1981AS Saint-Étienne
63%
1985FC Girondins de Bordeaux
53%
1978AS Monaco
52%
1979RC Strasbourg
37%

Distribution des résultats

Percentile par nombre de réponses

% des personnes avec chaque résultat

Votre développement - résultats

Vous n’avez pas pris ce quiz